[Event "ODEM U25A 2013"]
[Site "Oberhof GER"]
[Date "2013.05.25"]
[Round "9"]
[White "Nitzsche, Pia"]
[Black "Höpfner, Tim"]
[Result "0-1"]
[Termination "normal"]
[Board "32"]
[WhiteElo "1662"]
[BlackElo "1955"]
[PlyCount "70"]
[WhiteFideId "12900370"]
[BlackFideId "4638310"]
[EventCountry "GER"]
[EventRounds "9"]
[EventType "swiss"]
[EventDate "2013.05.18"]

1. c4 g6 2. g3 Bg7 3. Bg2 e5 4. Nc3 f5 5. d3 Nf6 6. Nf3 d6 7. O-O O-O 8. Rb1 a5
9. a3 h6 10. b4 axb4 11. axb4 g5 12. e3 Qe8 13. Ne1 f4 14. exf4 gxf4 15. Nd5
Nxd5 16. Bxd5+ Kh8 17. Bb2 Qg6 18. Bf3 Nc6 19. b5 Nd8 20. d4 e4 21. Bh5 Qg5 22.
d5 Bh3 23. Bxg7+ Qxg7 24. Ng2 Bxg2 25. Kxg2 f3+ 26. Kg1 Rf5 27. Be8 Re5 28. b6
Rxe8 29. bxc7 Qxc7 30. Qd4+ Re5 31. h4 Ra4 32. Rbc1 b5 33. Rfe1 Rxc4 34. Rxc4
Qxc4 35. Rxe4 Qc1+ 0-1

[Event "ODEM U25A 2013"]
[Site "Oberhof GER"]
[Date "2013.05.25"]
[Round "9"]
[White "Sonnhalter, Stella"]
[Black "Herrmann, Heribert"]
[Result "1-0"]
[Termination "normal"]
[Board "33"]
[WhiteElo "1843"]
[BlackElo "1683"]
[PlyCount "35"]
[WhiteFideId "4624815"]
[BlackFideId "12971715"]
[EventCountry "GER"]
[EventRounds "9"]
[EventType "swiss"]
[EventDate "2013.05.18"]

1. e4 d6 2. d4 Nf6 3. Nc3 g6 4. f4 Bg7 5. Nf3 Bg4 6. Bd3 c6 7. O-O Nbd7 8. Be3
e5 9. h3 Bxf3 10. Qxf3 O-O 11. Rad1 exf4 12. Bxf4 Qb6 13. Bc4 Ne5 14. Qe2 Nxc4
15. Qxc4 d5 16. exd5 Nxd5 17. Na4 Nxf4 18. Nxb6 1-0

[Event "ODEM U25A 2013"]
[Site "Oberhof GER"]
[Date "2013.05.25"]
[Round "9"]
[White "Hartewig, Philipp"]
[Black "Usczeck, Lukas"]
[Result "1/2-1/2"]
[Termination "normal"]
[Board "34"]
[WhiteElo "1811"]
[BlackElo "1794"]
[PlyCount "42"]
[WhiteFideId "1270639"]
[BlackFideId "12937827"]
[EventCountry "GER"]
[EventRounds "9"]
[EventType "swiss"]
[EventDate "2013.05.18"]

1. d4 Nf6 2. c4 e5 3. dxe5 Ng4 4. Nf3 Bc5 5. e3 Nc6 6. Be2 Ngxe5 7. a3 d6 8. b4
Bb6 9. Bb2 Nxf3+ 10. Bxf3 O-O 11. O-O Qe7 12. Nc3 Ne5 13. Be2 c6 14. Qc2 Rd8
15. Rad1 Bg4 16. Bxg4 Nxg4 17. Qe2 Qh4 18. h3 Ne5 19. e4 g5 20. Na4 Bc7 21.
Bxe5 dxe5 1/2-1/2

[Event "ODEM U25A 2013"]
[Site "Oberhof GER"]
[Date "2013.05.25"]
[Round "9"]
[White "Denkert, Robert"]
[Black "Kast, Joannis"]
[Result "0-1"]
[Termination "normal"]
[Board "35"]
[WhiteElo "1631"]
[BlackElo "1823"]
[PlyCount "122"]
[WhiteFideId "12957216"]
[BlackFideId "24698776"]
[EventCountry "GER"]
[EventRounds "9"]
[EventType "swiss"]
[EventDate "2013.05.18"]

1. d4 d5 2. f4 e6 3. e3 c5 4. c3 Nf6 5. Bd3 Nc6 6. Nf3 Bd6 7. Nbd2 Qc7 8. O-O
cxd4 9. exd4 Bxf4 10. Nb3 Bd6 11. Bg5 h6 12. Bh4 Ng4 13. Ne5 Ngxe5 14. dxe5
Nxe5 15. Kh1 Nxd3 16. Qxd3 O-O 17. Nd2 Qc6 18. Bg3 e5 19. c4 d4 20. Ne4 Bc7 21.
Bh4 f5 22. Ng3 f4 23. Ne4 Bf5 24. Rae1 g5 25. Bf2 Rad8 26. Re2 Bg4 27. Ree1 f3
28. Bg3 fxg2+ 29. Kxg2 Bf5 30. Kg1 Bxe4 31. Rxf8+ Rxf8 32. Rxe4 Qf6 33. Kg2 Kg7
34. a3 Qf5 35. b4 g4 36. a4 Kf6 37. c5 Ke6 38. Qc4+ Ke7 39. Qd3 Ke6 40. Qc4+
Ke7 41. Qd3 Qf3+ 42. Qxf3 gxf3+ 43. Kf2 Rf5 44. Rg4 Kf7 45. h4 Bd8 46. Re4 Bf6
47. b5 h5 48. c6 bxc6 49. bxc6 Ke6 50. a5 Bd8 51. a6 Kd5 52. Re1 Bc7 53. Rc1
Rf7 54. Re1 e4 55. Bxc7 Rxc7 56. Rb1 Rxc6 57. Rb5+ Kc4 58. Rxh5 Rxa6 59. Re5
Ra2+ 60. Ke1 e3 61. h5 Ra1# 0-1

[Event "ODEM U25A 2013"]
[Site "Oberhof GER"]
[Date "2013.05.25"]
[Round "9"]
[White "Fischer, Maxi"]
[Black "Stoll, Katja"]
[Result "0-1"]
[Termination "normal"]
[Board "36"]
[WhiteElo "1497"]
[BlackElo "1766"]
[PlyCount "132"]
[WhiteFideId "24692395"]
[BlackFideId "1271730"]
[EventCountry "GER"]
[EventRounds "9"]
[EventType "swiss"]
[EventDate "2013.05.18"]

1. e4 e5 2. Nf3 Nf6 3. Nc3 Nc6 4. Bb5 Bb4 5. d3 Nd4 6. Bc4 d6 7. h3 h6 8. O-O
O-O 9. Nxd4 exd4 10. Nd5 Nxd5 11. exd5 Re8 12. a3 Ba5 13. b4 Bb6 14. Qf3 Bd7
15. Bd2 Ba4 16. Bb3 Bxb3 17. cxb3 Qd7 18. Rfe1 Re5 19. Bf4 Rf5 20. Qe4 a5 21.
g4 Rf6 22. bxa5 Bxa5 23. b4 Bb6 24. Re2 Rg6 25. Kh2 Qa4 26. Bc1 Kf8 27. Qe7+
Kg8 28. Qe4 c5 29. Bb2 Rg5 30. f4 Rg6 31. f5 Rf6 32. h4 Qd7 33. Rf1 g6 34. Ref2
Re8 35. Qg2 Qe7 36. g5 hxg5 37. Qxg5 Qe5+ 38. Kg1 Bd8 39. Qg2 Kh8 40. Bc1 Rxf5
41. Rxf5 gxf5 42. Bg5 Rg8 43. Kh1 Bxg5 44. hxg5 Rg6 45. Qh3+ Kg7 46. Rxf5 Qe3
47. Qf1 Qe7 48. Qf4 Kf8 49. Kg2 Qe2+ 50. Qf2 Qxf2+ 51. Kxf2 Ke7 52. Ke2 f6 53.
gxf6+ Rxf6 54. Rxf6 Kxf6 55. Kd2 Ke5 56. Kc2 Kxd5 57. Kb3 b5 58. a4 bxa4+ 59.
Kxa4 c4 60. dxc4+ Kxc4 61. b5 d3 62. b6 d2 63. b7 d1=Q+ 64. Ka5 Qb1 65. Ka6
Qxb7+ 66. Kxb7 d5 0-1

[Event "ODEM U25A 2013"]
[Site "Oberhof GER"]
[Date "2013.05.25"]
[Round "9"]
[White "Wendler, Simon"]
[Black "Weiss, Reinhold"]
[Result "0-1"]
[Termination "normal"]
[Board "37"]
[WhiteElo "1413"]
[BlackElo "1861"]
[PlyCount "118"]
[WhiteFideId "12938351"]
[BlackFideId "12966436"]
[EventCountry "GER"]
[EventRounds "9"]
[EventType "swiss"]
[EventDate "2013.05.18"]

1. e4 Nf6 2. e5 Nd5 3. c4 Nb6 4. d4 d6 5. exd6 exd6 6. Nc3 Nc6 7. Be3 Bf5 8.
Rc1 Be7 9. b3 O-O 10. Be2 d5 11. c5 Nc8 12. h3 Bf6 13. Nf3 h6 14. O-O N8e7 15.
Qd2 Bg6 16. Rfe1 Nf5 17. Rcd1 Re8 18. Qc1 Nb4 19. Bf1 Nc2 20. Re2 Ncxe3 21.
fxe3 Ng3 22. Rf2 Nxf1 23. Rfxf1 Qd7 24. b4 b6 25. Ne2 bxc5 26. dxc5 c6 27. Ned4
a5 28. b5 cxb5 29. c6 Qa7 30. Nxb5 Qxe3+ 31. Qxe3 Rxe3 32. Nc7 Rc8 33. Nxd5 Re6
34. Nxf6+ Rxf6 35. Nd4 Rd6 36. Rfe1 f6 37. Kh2 Be8 38. c7 Kf7 39. Re7+ Kxe7 40.
Nf5+ Kf8 41. Nxd6 Rxc7 42. Nxe8 Kxe8 43. Rd2 Rd7 44. Rc2 Rd5 45. Kg3 Kf7 46.
Kf3 Re5 47. Kg4 Kg6 48. Kf4 Kh5 49. Kf3 g5 50. Rc6 Rf5+ 51. Ke3 Kh4 52. Rc4+
Kg3 53. Rg4+ Kh2 54. h4 h5 55. Rc4 Kxg2 56. hxg5 fxg5 57. Ke4 Rf4+ 58. Kd3 Rxc4
59. Kxc4 h4 0-1

[Event "ODEM U25A 2013"]
[Site "Oberhof GER"]
[Date "2013.05.25"]
[Round "9"]
[White "Lagunow, Elina"]
[Black "Vergin, Marcel"]
[Result "0-1"]
[Termination "normal"]
[Board "38"]
[WhiteElo "1759"]
[BlackElo "1801"]
[PlyCount "78"]
[WhiteFideId "4673387"]
[EventCountry "GER"]
[EventRounds "9"]
[EventType "swiss"]
[EventDate "2013.05.18"]

1. Nf3 d6 2. g3 e5 3. d3 g6 4. Bg2 Bg7 5. O-O Ne7 6. c4 O-O 7. Nc3 h6 8. a3 f5
9. b4 e4 10. d4 exf3 11. Bxf3 Nd7 12. Bb2 c6 13. e3 Nf6 14. Qc2 d5 15. cxd5
Nexd5 16. Na4 Re8 17. Nc5 Kh7 18. Bg2 b6 19. Nd3 Ba6 20. Rfc1 Bxd3 21. Qxd3 Qd7
22. Rc2 Rac8 23. Rac1 Rc7 24. h3 Ne4 25. Kh2 Qd6 26. Re1 h5 27. Kg1 Bh6 28. Bc1
Qf6 29. Bd2 h4 30. gxh4 Qxh4 31. Bc1 Ree7 32. Kf1 Ng5 33. Kg1 Nxh3+ 34. Kf1 Ng5
35. Kg1 Nf4 36. Qf1 Nfh3+ 37. Bxh3 Nxh3+ 38. Kg2 Ng5 39. Qh1 Qe4+ 0-1

[Event "ODEM U25A 2013"]
[Site "Oberhof GER"]
[Date "2013.05.25"]
[Round "9"]
[White "Mauser, Tassilo Tino"]
[Black "Engers, Felix"]
[Result "1/2-1/2"]
[Termination "normal"]
[Board "39"]
[WhiteElo "1735"]
[BlackElo "1804"]
[PlyCount "59"]
[WhiteFideId "12925136"]
[BlackFideId "12908282"]
[EventCountry "GER"]
[EventRounds "9"]
[EventType "swiss"]
[EventDate "2013.05.18"]

1. e3 c5 2. e4 g6 3. Nf3 Bg7 4. d4 cxd4 5. Nxd4 d6 6. Nc3 Nf6 7. Be2 Nc6 8. Nb3
O-O 9. O-O b6 10. Be3 Bb7 11. f3 Rc8 12. Qd2 d5 13. Nxd5 Nxd5 14. exd5 Ne5 15.
c3 Qxd5 16. Qxd5 Bxd5 17. Rfd1 Rcd8 18. Bd4 Nc4 19. Bxc4 Bxc4 20. Bxg7 Kxg7 21.
Nd4 Rd6 22. Re1 e6 23. a3 Rfd8 24. Kf2 R8d7 25. Re3 Rd5 26. Rae1 a5 27. Re4 Ba6
28. h4 b5 29. Nb3 a4 30. Nd4 1/2-1/2

[Event "ODEM U25A 2013"]
[Site "Oberhof GER"]
[Date "2013.05.25"]
[Round "9"]
[White "Meiser, Michael"]
[Black "Zesewitz, Maik"]
[Result "1/2-1/2"]
[Termination "normal"]
[Board "40"]
[WhiteElo "1931"]
[BlackElo "1552"]
[PlyCount "41"]
[WhiteFideId "24659762"]
[BlackFideId "12905640"]
[EventCountry "GER"]
[EventRounds "9"]
[EventType "swiss"]
[EventDate "2013.05.18"]

1. e4 e5 2. Nf3 Nc6 3. Bb5 Nf6 4. O-O d6 5. d4 Bd7 6. Bxc6 Bxc6 7. dxe5 dxe5 8.
Nxe5 Bxe4 9. Qe2 Qd5 10. Nc4 O-O-O 11. Nc3 Qf5 12. Re1 Bc5 13. Be3 Bxc2 14.
Bxc5 Qxc5 15. Qxc2 Qxc4 16. Qf5+ Kb8 17. Re7 Rhe8 18. Rae1 Rxe7 19. Rxe7 a6 20.
Re1 Qb4 21. Qc2 1/2-1/2

[Event "ODEM U25A 2013"]
[Site "Oberhof GER"]
[Date "2013.05.25"]
[Round "9"]
[White "Maßloch, Philipp"]
[Black "Hartmann, Jakob"]
[Result "0-1"]
[Termination "normal"]
[Board "41"]
[WhiteElo "1649"]
[BlackElo "1719"]
[PlyCount "28"]
[WhiteFideId "24692476"]
[BlackFideId "12918067"]
[EventCountry "GER"]
[EventRounds "9"]
[EventType "swiss"]
[EventDate "2013.05.18"]

1. e4 e5 2. Nf3 Nc6 3. c3 d5 4. Qa4 f6 5. Bb5 Nge7 6. exd5 Qxd5 7. d4 e4 8. c4
Qd6 9. d5 exf3 10. dxc6 bxc6 11. c5 Qxc5 12. Bc4 fxg2 13. Rg1 Qe5+ 14. Be3 Qxh2
0-1

[Event "ODEM U25A 2013"]
[Site "Oberhof GER"]
[Date "2013.05.25"]
[Round "9"]
[White "Bastelberger, Julian"]
[Black "Bossert, Felix"]
[Result "1-0"]
[Termination "normal"]
[Board "42"]
[WhiteElo "1710"]
[BlackElo "1522"]
[PlyCount "109"]
[WhiteFideId "12971693"]
[BlackFideId "12960977"]
[EventCountry "GER"]
[EventRounds "9"]
[EventType "swiss"]
[EventDate "2013.05.18"]

1. d4 d5 2. c4 c6 3. Nf3 Nf6 4. Nc3 e6 5. e3 Nbd7 6. Qc2 Be7 7. Bd3 Bd6 8. e4
dxe4 9. Nxe4 Nxe4 10. Bxe4 h6 11. Qe2 O-O 12. O-O Re8 13. Bc2 e5 14. d5 cxd5
15. cxd5 Qa5 16. Rd1 b5 17. Nd4 a6 18. Nf5 Qc7 19. Bxh6 g6 20. Nxd6 Qxd6 21.
Qf3 Bb7 22. h4 Nf6 23. Bb3 Rac8 24. Bg5 Kg7 25. Bxf6+ Qxf6 26. Qxf6+ Kxf6 27.
d6 Red8 28. Rd2 Rd7 29. Rad1 Rcd8 30. Kh2 Kg7 31. Kh3 Re8 32. g4 f5 33. gxf5
gxf5 34. Bd5 Bxd5 35. Rxd5 Kf6 36. Rc5 Ke6 37. Rc6 a5 38. h5 e4 39. Kg3 Rh8 40.
Rh1 Rxd6 41. Rxd6+ Kxd6 42. Kf4 Ke6 43. h6 Rh7 44. Kg5 Ke5 45. Kg6 Ra7 46. h7
Rxh7 47. Rxh7 Kf4 48. Rf7 e3 49. fxe3+ Kxe3 50. Kxf5 Kd2 51. Rc7 b4 52. Ke4 a4
53. Kd4 b3 54. axb3 axb3 55. Rc3 1-0

[Event "ODEM U25A 2013"]
[Site "Oberhof GER"]
[Date "2013.05.25"]
[Round "9"]
[White "Walther, Jochen"]
[Black "Täschner, Simon"]
[Result "1-0"]
[Termination "normal"]
[Board "43"]
[WhiteElo "1700"]
[BlackElo "1504"]
[PlyCount "119"]
[BlackFideId "1270971"]
[EventCountry "GER"]
[EventRounds "9"]
[EventType "swiss"]
[EventDate "2013.05.18"]

1. e4 c6 2. d4 d5 3. Nc3 dxe4 4. Nxe4 Bf5 5. Ng3 Bg6 6. Nf3 Nd7 7. Bd3 Bxd3 8.
Qxd3 Ngf6 9. O-O e6 10. c4 Qc7 11. Re1 Be7 12. b3 O-O 13. Bb2 Rfd8 14. Rac1 Nb6
15. Qe2 Bb4 16. Red1 Be7 17. Rd3 c5 18. Rcd1 a5 19. d5 exd5 20. Nf5 Re8 21.
cxd5 Bd6 22. Qc2 Ng4 23. Nxd6 Qxd6 24. h3 Nf6 25. Qc3 a4 26. Rc1 Nbxd5 27. Qxc5
Qxc5 28. Rxc5 Nb4 29. Rd4 a3 30. Bxa3 Nxa2 31. Bc1 Nxc1 32. Rxc1 Ra3 33. Rb4
Ra7 34. Nd4 Rb8 35. Nc6 Raa8 36. Nxb8 Rxb8 37. Rb5 Kf8 38. Rc7 b6 39. Re5 Ne8
40. Ra7 Nd6 41. Kf1 g6 42. Ke2 Kg7 43. Rd5 Nf5 44. Rdd7 Nh6 45. Rab7 Re8+ 46.
Kd2 Re6 47. Kc3 Re2 48. Rd2 Re6 49. Kb4 Nf5 50. g4 Nh6 51. Kb5 Re5+ 52. Kxb6
Re6+ 53. Ka7 Kf6 54. b4 Kg5 55. b5 Kh4 56. Rd3 Rf6 57. Rb8 Rxf2 58. Rh8 Nxg4
59. Rxh7+ Kg5 60. Rd5+ 1-0

[Event "ODEM U25A 2013"]
[Site "Oberhof GER"]
[Date "2013.05.25"]
[Round "9"]
[White "Weber, Yannik"]
[Black "Kempe, Markus"]
[Result "0-1"]
[Termination "normal"]
[Board "44"]
[WhiteElo "1542"]
[BlackElo "1649"]
[PlyCount "96"]
[WhiteFideId "24692700"]
[BlackFideId "24692638"]
[EventCountry "GER"]
[EventRounds "9"]
[EventType "swiss"]
[EventDate "2013.05.18"]

1. d4 Nf6 2. c4 g6 3. Nc3 Bg7 4. Nf3 O-O 5. Bg5 d6 6. Qd2 Bf5 7. h3 Qe8 8. g4
Bd7 9. Bh6 e5 10. d5 a6 11. Bxg7 Kxg7 12. Nh2 b5 13. g5 Nh5 14. e3 bxc4 15.
Bxc4 c6 16. Be2 cxd5 17. Nxd5 Bc6 18. Bxh5 gxh5 19. Nf6 Qe6 20. Qc2 Rh8 21. Rg1
Qxh3 22. f4 Qxe3+ 23. Kf1 Qxf4+ 24. Ke1 Qh4+ 25. Qf2 Qxf2+ 26. Kxf2 Kg6 27.
Rad1 Rd8 28. Ke2 Bb7 29. Rdf1 Nd7 30. Rf2 Rac8 31. Ke3 d5 32. Nf3 d4+ 33. Ke2
Rc2+ 34. Nd2 e4 35. Rh2 e3 36. Kd3 Rxd2+ 37. Rxd2 exd2 38. Kxd2 Nxf6 39. gxf6+
Kxf6 40. b4 d3 41. a4 Bc6 42. b5 axb5 43. axb5 Bxb5 44. Rf1+ Kg6 45. Rg1+ Kh6
46. Rf1 Re8 47. Rxf7 Re2+ 48. Kd1 Ba4+ 0-1

[Event "ODEM U25A 2013"]
[Site "Oberhof GER"]
[Date "2013.05.25"]
[Round "9"]
[White "Klosa, Kevin"]
[Black "Brühan, Caren"]
[Result "1/2-1/2"]
[Termination "normal"]
[Board "46"]
[WhiteElo "1668"]
[BlackElo "1643"]
[PlyCount "57"]
[WhiteFideId "12900206"]
[BlackFideId "24691976"]
[EventCountry "GER"]
[EventRounds "9"]
[EventType "swiss"]
[EventDate "2013.05.18"]

1. e4 c5 2. c4 g6 3. Ne2 Bg7 4. Nbc3 Nc6 5. d3 Nf6 6. Be3 d6 7. f3 O-O 8. Qd2
a6 9. d4 cxd4 10. Nxd4 Nxd4 11. Bxd4 Bd7 12. Be2 Bc6 13. O-O Rb8 14. Ba7 Ra8
15. Qe3 Nd7 16. e5 Bxe5 17. Bd4 Bxd4 18. Qxd4 Nf6 19. Rfd1 Qc7 20. Rac1 Qb8 21.
Kh1 Re8 22. a4 Qa7 23. Qf4 Qb6 24. Rd2 Rac8 25. Bd1 Bd7 26. b3 Rc5 27. Qe3 Qc7
28. Rdc2 Bf5 29. Rd2 1/2-1/2

[Event "ODEM U25A 2013"]
[Site "Oberhof GER"]
[Date "2013.05.25"]
[Round "9"]
[White "Thumm, Felix"]
[Black "Nguyen, Anh Van"]
[Result "1-0"]
[Termination "normal"]
[Board "47"]
[WhiteElo "1733"]
[BlackElo "1630"]
[PlyCount "65"]
[WhiteFideId "12902209"]
[BlackFideId "12908223"]
[EventCountry "GER"]
[EventRounds "9"]
[EventType "swiss"]
[EventDate "2013.05.18"]

1. d4 f5 2. Nf3 Nf6 3. e3 g6 4. b3 Bg7 5. Bb2 O-O 6. Nbd2 d6 7. Bd3 Nbd7 8. O-O
Qe8 9. Qe2 e5 10. dxe5 Nxe5 11. Nxe5 dxe5 12. Bc4+ Kh8 13. Ba3 c6 14. Bxf8 Qxf8
15. a4 e4 16. Rad1 a6 17. a5 Bd7 18. Nb1 Qc5 19. Qd2 Rf8 20. Nc3 Qe5 21. Ne2
Ng4 22. Ng3 Bc8 23. h3 Nf6 24. b4 h5 25. Ne2 g5 26. Qd6 Qxd6 27. Rxd6 Nd7 28.
Rfd1 Kh7 29. Rxd7 Bxd7 30. Rxd7 f4 31. Nd4 fxe3 32. fxe3 Kg6 33. Rxb7 1-0

[Event "ODEM U25A 2013"]
[Site "Oberhof GER"]
[Date "2013.05.25"]
[Round "9"]
[White "Wastian, Jan"]
[Black "Peters, Theresa"]
[Result "1-0"]
[Termination "normal"]
[Board "48"]
[WhiteElo "1636"]
[BlackElo "1467"]
[PlyCount "81"]
[WhiteFideId "12911640"]
[BlackFideId "12952192"]
[EventCountry "GER"]
[EventRounds "9"]
[EventType "swiss"]
[EventDate "2013.05.18"]

1. e4 c5 2. c3 d6 3. d4 cxd4 4. cxd4 Nf6 5. Nc3 e6 6. Nf3 Nc6 7. Bd3 Be7 8. O-O
a6 9. a3 Qc7 10. Qe2 O-O 11. e5 dxe5 12. dxe5 Nd7 13. Re1 Rd8 14. Bf4 Nc5 15.
Bc2 b5 16. b4 Nd7 17. Rac1 Qb6 18. Red1 Bb7 19. Ne4 Nf8 20. Be3 Qc7 21. Bc5 Ng6
22. Bxe7 Qxe7 23. Nc5 Rab8 24. Be4 Rxd1+ 25. Rxd1 Qe8 26. Rd6 Ba8 27. Nxa6 Rc8
28. h3 Ncxe5 29. Nxe5 Nxe5 30. Bxa8 Rc1+ 31. Kh2 Nc4 32. Bc6 Qc8 33. Rd4 g6 34.
Bxb5 Nxa3 35. Qd3 Qc3 36. Qxc3 Rxc3 37. Bd3 Rb3 38. Nc5 Rb2 39. Kg3 e5 40. Rd8+
Kg7 41. Ra8 1-0

[Event "ODEM U25A 2013"]
[Site "Oberhof GER"]
[Date "2013.05.25"]
[Round "9"]
[White "Nabinger, Annalena"]
[Black "Neumann, Tiemon"]
[Result "0-1"]
[Termination "normal"]
[Board "49"]
[WhiteElo "1485"]
[BlackElo "1708"]
[PlyCount "62"]
[WhiteFideId "12902225"]
[BlackFideId "12925462"]
[EventCountry "GER"]
[EventRounds "9"]
[EventType "swiss"]
[EventDate "2013.05.18"]

1. e4 e5 2. Nf3 Nc6 3. d4 exd4 4. Nxd4 Nf6 5. Nxc6 bxc6 6. Bd3 Bc5 7. Nc3 O-O
8. O-O d6 9. h3 Qe7 10. Bg5 Qe5 11. Qd2 Bd4 12. Be3 Bxe3 13. Qxe3 d5 14. f4 Qe7
15. e5 Nd7 16. Rae1 Re8 17. Qe2 Rb8 18. Qh5 h6 19. f5 Qc5+ 20. Kh1 Rxe5 21.
Rxe5 Nxe5 22. f6 Nxd3 23. fxg7 Nf2+ 24. Rxf2 Qxf2 25. Qxh6 Qe1+ 26. Kh2 Qe5+
27. g3 Qxg7 28. Qxg7+ Kxg7 29. b3 Bf5 30. h4 Bxc2 31. g4 a5 0-1

[Event "ODEM U25A 2013"]
[Site "Oberhof GER"]
[Date "2013.05.25"]
[Round "9"]
[White "Kitze, Lukas"]
[Black "Wodzinski, Kristin"]
[Result "1-0"]
[Termination "normal"]
[Board "50"]
[WhiteElo "1611"]
[BlackElo "1643"]
[PlyCount "71"]
[WhiteFideId "12932159"]
[BlackFideId "12923141"]
[EventCountry "GER"]
[EventRounds "9"]
[EventType "swiss"]
[EventDate "2013.05.18"]

1. e4 c5 2. Nf3 d6 3. d4 cxd4 4. Nxd4 Nf6 5. Nc3 a6 6. f3 e5 7. Nb3 Be6 8. Be3
b5 9. a3 Be7 10. Be2 Nbd7 11. Qd2 Nb6 12. O-O d5 13. exd5 Nbxd5 14. Nxd5 Nxd5
15. Bf2 Nf4 16. Rad1 Nxe2+ 17. Qxe2 Qc7 18. Rfe1 f6 19. f4 Bd6 20. fxe5 Bxe5
21. Bg3 Bxb3 22. Bxe5 fxe5 23. Qxe5+ Qxe5 24. Rxe5+ Kf8 25. cxb3 g6 26. Rd7 h5
27. Ree7 Rg8 28. h3 Rh8 29. Ra7 Rxa7 30. Rxa7 Kg8 31. Rxa6 Kg7 32. Rb6 Rc8 33.
Rxb5 Rc2 34. a4 Rxb2 35. a5 Ra2 36. b4 1-0

[Event "ODEM U25A 2013"]
[Site "Oberhof GER"]
[Date "2013.05.25"]
[Round "9"]
[White "Schreiber, Justina"]
[Black "Koll, Lukas"]
[Result "1/2-1/2"]
[Termination "normal"]
[Board "51"]
[WhiteElo "1603"]
[BlackElo "1464"]
[PlyCount "53"]
[WhiteFideId "24661570"]
[BlackFideId "12969737"]
[EventCountry "GER"]
[EventRounds "9"]
[EventType "swiss"]
[EventDate "2013.05.18"]

1. e4 e5 2. Nf3 Nc6 3. Bc4 Bc5 4. c3 Nf6 5. d3 h6 6. Bb3 d6 7. O-O O-O 8. Nbd2
Be6 9. Re1 Re8 10. Nf1 Ng4 11. Re2 Ne7 12. h3 Nf6 13. Ng3 Ng6 14. Rc2 Bb6 15.
Bxe6 fxe6 16. Be3 Qd7 17. Ne2 Rf8 18. Qd2 Nh5 19. a3 Nhf4 20. Nh2 Nxe2+ 21.
Qxe2 Nf4 22. Qd2 Qf7 23. Bxf4 Qxf4 24. Qxf4 Rxf4 25. Kf1 Raf8 26. f3 c6 27. Ke2
1/2-1/2

[Event "ODEM U25A 2013"]
[Site "Oberhof GER"]
[Date "2013.05.25"]
[Round "9"]
[White "Greßmann, Hanna"]
[Black "Martin, Raphael"]
[Result "1-0"]
[Termination "normal"]
[Board "52"]
[WhiteElo "1520"]
[BlackElo "1682"]
[PlyCount "53"]
[WhiteFideId "12930709"]
[BlackFideId "12952036"]
[EventCountry "GER"]
[EventRounds "9"]
[EventType "swiss"]
[EventDate "2013.05.18"]

1. e4 c5 2. Nf3 a6 3. d4 cxd4 4. Nxd4 Nf6 5. Nc3 e5 6. Nf3 Bb4 7. Qd3 O-O 8.
Bd2 Nc6 9. Be2 Re8 10. Nd5 Nxd5 11. Qxd5 Bxd2+ 12. Qxd2 Qc7 13. O-O b5 14. Rfe1
Bb7 15. Bd3 Rad8 16. Qc3 d5 17. exd5 Rxd5 18. Be4 Rd6 19. Rad1 f6 20. Rxd6 Qxd6
21. Qb3+ Kh8 22. Qf7 Qe7 23. Qh5 g5 24. Bxh7 Qxh7 25. Qxe8+ Qg8 26. Qxg8+ Kxg8
27. Rd1 1-0